000 00474nmm a2200169Ia 4500
008 251105s9999||||xx |||||||||||||||||und||
020 _a9788416647200
041 _aspa
100 _aAzorín
245 0 _aVeraneo sentimental (1904 y 1905)
264 _a[Madrid, España] :
_bBiblioteca Nueva,
_c2016
300 _a232 páginas
490 _aBiblioteca Azorín
650 _aSpanish narrative
856 _uhttps://public.digitaliapublishing.com/a/50783
942 _cCF
999 _c77927
_d77927